Reading riddles (Record no. 122797)
[ view plain ]
| 000 -LEADER | |
|---|---|
| fixed length control field | 02096nam a2200421 a 4500 |
| 082 04 - DEWEY DECIMAL CLASSIFICATION NUMBER | |
| Classification number | 830.9/145 |
| 100 1# - MAIN ENTRY--AUTHOR NAME | |
| Personal name | Tucker, Brian, |
| 245 10 - TITLE STATEMENT | |
| Title | Reading riddles |
| 260 ## - PUBLICATION, DISTRIBUTION, ETC. (IMPRINT) | |
| Place of publication | Lewisburg, N.Y. : |
| Name of publisher | Bucknell University Press, |
| Year of publication | c2011. |
| 300 ## - PHYSICAL DESCRIPTION | |
| Number of Pages | 198 p. |
| 490 1# - SERIES STATEMENT | |
| Series statement | New studies in the age of Goethe |
| 505 0# - FORMATTED CONTENTS NOTE | |
| Formatted contents note | Pt. I -- Riddle and obscurity in early romanticism -- From irritant to ideal: the transvaluation of riddle -- The closed circle of criticism -- Alethic aesthetics: Hegel's riddle of the symbol -- Wordplay and identity in Tieck's early prose -- Pt. II -- Reading the psyche: the human riddle -- The inaugural gesture of psychoanalysis -- The joke and its other: toward a Freudian concept of riddle -- The riddle as Freud's textual model -- Trauma and the other Oedipus complex. |
| 650 #0 - SUBJECT ADDED ENTRY--TOPICAL TERM | |
| Topical Term | German literature |
| Topical Term | German literature |
| Topical Term | Riddles in literature. |
| Topical Term | Symbolism in literature. |
| Topical Term | Romanticism |
| 856 40 - ELECTRONIC LOCATION AND ACCESS | |
| Uniform Resource Identifier | http://site.ebrary.com/lib/rucke/Doc?id=10483538 |
No items available.
